Las entidades federativas mas pobladas de México - Estadísticas

Estadísticas generales
  • Esta prueba ha sido intentada 19 veces
  • La puntuación promedio es 12 de 15
Estadísticas de respuestas
Total de población Estado % Correcto
9.3 millones Ciudad de México
94%
6 millones Nuevo León
88%
4.2 millones Oaxaca
88%
8.2 millones Veracruz
88%
3.7 millones Chihuahua
82%
18 millones Estado de México
82%
3.5 millones Guerrero
82%
8.4 millones Jalisco
82%
3.8 millones Baja California
76%
6.6 millones Puebla
76%
3.5 millones Tamaulipas
76%
6.2 millones Guanajuato
71%
5 millones Michoacán
71%
5.6 millones Chiapas
65%
3.2 millones Coahuila
53%
No se encontraron pruebas coincidentes
Distribución de puntuación
Porcentaje de gente con cada puntuación
Porcentaje por número respondido
Historial de tus puntuaciones
No has intentado esta prueba.